000 00562cam a2200181 4500
001 D5306
008 090401t1965 xxu||||| |||| 00| 0 eng d
035 _a(Sirsi) u43891
041 _aeng
050 _a333.333
245 _aLand values: the report of the proceedings of a colloquium held in London on March 13 and 14, 1965 under the auspices of the Acton Society Trust
260 _aLondon
_bSweet & Maxwell
_c1965
300 _axix. 157p. 25cm
350 _a1.5
700 _aHall, Peter Geoffrey
_cSir
_d1932-
_xEditor
942 _n0
948 _c04/03/1997
999 _c91402
_d91402